| 000 | 00502nam a2200157 4500 | ||
|---|---|---|---|
| 001 | 109664 | ||
| 003 | ES-MaACL | ||
| 007 | t| | ||
| 008 | 061121s1978 sp r ||||1| spa d | ||
| 100 | 1 |
_aMuns, Joaquín. _984222 |
|
| 245 | 1 | 0 |
_aCrisis y reforma del sistema monetario internacional / _cintroducción y selección Joaquín Muns. |
| 260 |
_aMadrid : _bInstituto de Estudios Fiscales, _c1978. |
||
| 300 |
_a726 p. ; _c19 cm. |
||
| 700 | 1 |
_aMuns, Joaquín. _984222 |
|
| 852 |
_aES-MaACL _jL-730 _bR.101547 |
||
| 999 |
_c109664 _d109664 |
||